[Event "29th NATO Chess Championship"]
[Site "Lubbock"]
[Date "2018.06.04"]
[Round "1.23"]
[White "Cichy, Kamil"]
[Black "Coulon, Dominic"]
[Result "1/2-1/2"]
[WhiteElo "2094"]
[BlackElo "1679"]
[PlyCount "95"]
[EventDate "2018.06.04"]
[EventType "swiss"]
[EventRounds "7"]
[EventCountry "USA"]
[SourceVersion "1"]
[SourceVersionDate "2018.06.14"]
[SourceQuality "1"]

1. e4 Nc6 2. Nf3 f5 3. exf5 d5 4. Bb5 Bxf5 5. d4 e6 6. Ne5 Nge7 7. Qh5+ g6 8.
Qe2 h5 9. Bg5 Qd6 10. Bf6 Rh7 11. Nd2 a6 12. Bxc6+ Nxc6 13. Ndf3 Nxe5 14. dxe5
Qb4+ 15. c3 Qe4 16. Qxe4 dxe4 17. Ng5 Rd7 18. h3 Rc8 19. g3 b5 20. Rg1 Bc5 21.
g4 e3 22. fxe3 Bxe3 23. Rg2 Bxg5 24. Bxg5 Be4 25. Rf2 Rd3 26. gxh5 gxh5 27. h4
Bf3 28. Rd2 Rxd2 29. Kxd2 Kd7 30. Rf1 Bg4 31. Rf7+ Kc6 32. b4 Kd5 33. Bf6 Ke4
34. Rd7 Bf5 35. Ke2 Bg4+ 36. Kd2 Bf5 37. Rd4+ Kf3 38. Bg5 Be4 39. Rd7 Bc6 40.
Rf7+ Ke4 41. Bf6 Be8 42. Re7 Kd5 43. a3 Bg6 44. Rd7+ Kc6 45. Rg7 Bf5 46. Ke3
Bg4 47. Ke4 Bf5+ 48. Kf4 1/2-1/2

[Event "29th NATO Chess Championship"]
[Site "Lubbock"]
[Date "2018.06.04"]
[Round "1.24"]
[White "O'Byrne, Daniel"]
[Black "Nilsson, Erik"]
[Result "1/2-1/2"]
[WhiteElo "1676"]
[BlackElo "2071"]
[PlyCount "56"]
[EventDate "2018.06.04"]
[EventType "swiss"]
[EventRounds "7"]
[EventCountry "USA"]
[SourceVersion "1"]
[SourceVersionDate "2018.06.14"]
[SourceQuality "1"]

1. d4 d5 2. Nf3 Nf6 3. e3 g6 4. Bd3 Bg7 5. b3 O-O 6. Bb2 c5 7. O-O b6 8. Nbd2
Nc6 9. a3 Bb7 10. Re1 e6 11. Ne5 Nd7 12. f4 f6 13. Nef3 Qc7 14. c4 Rad8 15. Rc1
Qb8 16. g3 Kh8 17. Nh4 f5 18. Nhf3 Qd6 19. Qe2 Qe7 20. Bc3 Nf6 21. Ne5 Nxe5 22.
fxe5 Ne4 23. Bb2 Nxd2 24. Qxd2 dxc4 25. bxc4 Qg5 26. Qe2 h5 27. Qf2 cxd4 28.
exd4 Rf7 1/2-1/2

[Event "29th NATO Chess Championship"]
[Site "Lubbock"]
[Date "2018.06.04"]
[Round "1.25"]
[White "Graczyk, Damian"]
[Black "Papler, Peter"]
[Result "1-0"]
[WhiteElo "2066"]
[BlackElo "1646"]
[PlyCount "73"]
[EventDate "2018.06.04"]
[EventType "swiss"]
[EventRounds "7"]
[EventCountry "USA"]
[SourceVersion "1"]
[SourceVersionDate "2018.06.14"]
[SourceQuality "1"]

1. c4 d6 2. d4 Nf6 3. Nc3 c6 4. g3 Nbd7 5. Bg2 Qc7 6. Nf3 g6 7. O-O Bg7 8. h3
O-O 9. e4 e5 10. Be3 h6 11. Qd2 Kh7 12. Rad1 Nb6 13. b3 Be6 14. dxe5 dxe5 15.
Bc5 Rfd8 16. Bd6 Qc8 17. c5 Nbd7 18. Qb2 Ng8 19. Ne2 Re8 20. Nd2 b5 21. Kh2 a5
22. Qc2 Qa6 23. f4 f5 24. fxe5 Ne7 25. Nf4 Nf8 26. Nf3 fxe4 27. Nxe6 Nxe6 28.
Qxe4 Qa7 29. Nh4 Nf8 30. Rf7 Rad8 31. Rdf1 Rd7 32. Qc2 Rc8 33. Be4 Nd5 34. Bxd5
cxd5 35. e6 Rxf7 36. Rxf7 Qa6 37. Bxf8 1-0

[Event "29th NATO Chess Championship"]
[Site "Lubbock"]
[Date "2018.06.04"]
[Round "1.26"]
[White "Hendy, Jerry"]
[Black "Williams, Abiye"]
[Result "0-1"]
[WhiteElo "1639"]
[BlackElo "2064"]
[PlyCount "40"]
[EventDate "2018.06.04"]
[EventType "swiss"]
[EventRounds "7"]
[EventCountry "USA"]
[SourceVersion "1"]
[SourceVersionDate "2018.06.14"]
[SourceQuality "1"]

1. e4 e5 2. f4 Bc5 3. Nf3 d6 4. Nc3 Nc6 5. d3 a6 6. Be2 Nf6 7. Nd5 Ng4 8. d4
exd4 9. Nxd4 Nxd4 10. Bxg4 Qh4+ 11. g3 Qxg4 12. Nxc7+ Kd8 13. Nxa8 Nf3+ 14. Ke2
Nxh2+ 15. Kd2 Qxg3 16. c3 Bg4 17. Qxg4 Qe3+ 18. Kd1 Qd3+ 19. Bd2 Nxg4 20. Kc1
Ne3 0-1

[Event "29th NATO Chess Championship"]
[Site "Lubbock"]
[Date "2018.06.04"]
[Round "1.27"]
[White "Balmaceda, Enrico"]
[Black "Tremblay, Mario"]
[Result "1/2-1/2"]
[WhiteElo "2063"]
[BlackElo "1636"]
[PlyCount "81"]
[EventDate "2018.06.04"]
[EventType "swiss"]
[EventRounds "7"]
[EventCountry "USA"]
[SourceVersion "1"]
[SourceVersionDate "2018.06.14"]
[SourceQuality "1"]

1. Nf3 d5 2. c4 e6 3. g3 c5 4. Bg2 Nc6 5. O-O Nf6 6. b3 d4 7. e3 e5 8. exd4
exd4 9. Re1+ Be7 10. d3 O-O 11. Ne5 Bd7 12. Nxd7 Qxd7 13. Nd2 Rfe8 14. Nf3 h6
15. a3 a5 16. Ra2 Bd6 17. Rae2 Rxe2 18. Rxe2 Re8 19. Bd2 b6 20. Qe1 Rxe2 21.
Qxe2 Qe7 22. Qxe7 Nxe7 23. Ne1 Nd7 24. f4 f6 25. Kf2 Nb8 26. h4 Nbc6 27. h5 Kf7
28. Bxc6 Nxc6 29. f5 Ne7 30. g4 Nc6 31. Nf3 Ne5 32. Nxe5+ Bxe5 33. Kf3 Ke7 34.
Ke4 Kd6 35. b4 axb4 36. axb4 Kc6 37. bxc5 bxc5 38. Ba5 Bd6 39. Bd8 Bf8 40. Ba5
Bd6 41. Bd8 1/2-1/2

[Event "29th NATO Chess Championship"]
[Site "Lubbock"]
[Date "2018.06.04"]
[Round "1.28"]
[White "Ross, David C"]
[Black "Hansen, Stefan"]
[Result "0-1"]
[WhiteElo "1633"]
[BlackElo "2047"]
[PlyCount "42"]
[EventDate "2018.06.04"]
[EventType "swiss"]
[EventRounds "7"]
[EventCountry "USA"]
[SourceVersion "1"]
[SourceVersionDate "2018.06.14"]
[SourceQuality "1"]
[BlackTeam "DENMARK"]
[BlackTeamCountry "DEN"]

1. e4 c6 2. Ne2 d5 3. e5 c5 4. d4 Nc6 5. c3 Bf5 6. Ng3 Bg6 7. Bd3 e6 8. h4 h6
9. Be2 Qb6 10. Qb3 c4 11. Qxb6 axb6 12. Nd2 b5 13. O-O Nge7 14. f4 b4 15. Nf3
Nf5 16. Nxf5 Bxf5 17. Nh2 h5 18. Rf3 bxc3 19. bxc3 Ba3 20. Rb1 Bxb1 21. g4 hxg4
0-1

[Event "29th NATO Chess Championship"]
[Site "Lubbock"]
[Date "2018.06.05"]
[Round "2.1"]
[White "Mestek, Igor"]
[Black "Drabke, Lorenz Maximilian"]
[Result "1/2-1/2"]
[WhiteElo "2099"]
[BlackElo "2419"]
[PlyCount "88"]
[EventDate "2018.06.04"]
[EventType "swiss"]
[EventRounds "7"]
[EventCountry "USA"]
[SourceVersion "1"]
[SourceVersionDate "2018.06.14"]
[SourceQuality "1"]
[WhiteTeam "SLOVENIA"]
[BlackTeam "GERMANY"]
[WhiteTeamCountry "SLO"]
[BlackTeamCountry "GER"]

1. e4 c5 2. Nf3 e6 3. d4 cxd4 4. Nxd4 a6 5. Nc3 b5 6. g3 Bb7 7. Bg2 Nf6 8. O-O
b4 9. Na4 Bxe4 10. Bg5 Bxg2 11. Kxg2 Be7 12. Qf3 Ra7 13. Be3 Rc7 14. c3 bxc3
15. Nxc3 O-O 16. Rfd1 d5 17. Nb3 Nbd7 18. Qe2 Qa8 19. f3 Rfc8 20. Rac1 h6 21.
Na4 Rxc1 22. Rxc1 Rxc1 23. Bxc1 Qc6 24. Nc3 e5 25. Bd2 Bd8 26. Be1 Bc7 27. Bf2
g5 28. h3 Kg7 29. Qd3 d4 30. Nb1 h5 31. N1d2 g4 32. hxg4 hxg4 33. Qf5 Nf8 34.
Kg1 gxf3 35. Nxf3 Ng6 36. g4 Qe4 37. Nc5 Qxg4+ 38. Qxg4 Nxg4 39. Bg3 a5 40. a3
Bb6 41. Nd7 Bc7 42. Nxd4 Nf4 43. Bxf4 exf4 44. b4 axb4 1/2-1/2

[Event "29th NATO Chess Championship"]
[Site "Lubbock"]
[Date "2018.06.05"]
[Round "2.2"]
[White "Helbig, Mark"]
[Black "Onley, David"]
[Result "1-0"]
[WhiteElo "2361"]
[BlackElo "2113"]
[PlyCount "103"]
[EventDate "2018.06.04"]
[EventType "swiss"]
[EventRounds "7"]
[EventCountry "USA"]
[SourceVersion "1"]
[SourceVersionDate "2018.06.14"]
[SourceQuality "1"]
[WhiteTeam "GERMANY"]
[BlackTeam "UNITED KINGDOM"]
[WhiteTeamCountry "GER"]

1. d4 Nf6 2. c4 g6 3. g3 Bg7 4. Bg2 d6 5. Nf3 O-O 6. O-O Nbd7 7. Nc3 e5 8. e4
Re8 9. h3 c6 10. Rb1 a5 11. Re1 h6 12. Be3 exd4 13. Nxd4 Nc5 14. Qc2 Nfd7 15.
Rbd1 a4 16. Nde2 Qa5 17. Nd4 Qb4 18. a3 Qa5 19. Kh2 Nb6 20. Bf1 Ne6 21. Nxe6
Bxe6 22. Rxd6 Bf8 23. Bxb6 Qxb6 24. Rd2 Qa5 25. Red1 h5 26. Ne2 Bh6 27. f4 Qc5
28. h4 Qf2+ 29. Bg2 Bg4 30. Rf1 Qe3 31. Qc3 Qxc3 32. Nxc3 Be6 33. Rfd1 Bxc4 34.
Rd7 Rab8 35. e5 Be6 36. R7d4 Bb3 37. R1d2 Bf8 38. Ne4 Be7 39. Nd6 Red8 40. Be4
c5 41. R4d3 c4 42. Rd4 Bxd6 43. exd6 b5 44. Bc2 Rb6 45. Bxb3 cxb3 46. Kg2 Rc6
47. Kf3 Rc2 48. Ke3 Rxd2 49. Kxd2 Kg7 50. Kc3 Kf6 51. d7 Ke7 52. Kb4 1-0

[Event "29th NATO Chess Championship"]
[Site "Lubbock"]
[Date "2018.06.05"]
[Round "2.3"]
[White "Williams, Abiye"]
[Black "Pavlidis, Anastasios"]
[Result "0-1"]
[WhiteElo "2064"]
[BlackElo "2357"]
[PlyCount "64"]
[EventDate "2018.06.04"]
[EventType "swiss"]
[EventRounds "7"]
[EventCountry "USA"]
[SourceVersion "1"]
[SourceVersionDate "2018.06.14"]
[SourceQuality "1"]
[WhiteTeam "UNITED STATES"]
[BlackTeam "GREECE"]
[WhiteTeamCountry "USA"]
[BlackTeamCountry "GRE"]

1. Nf3 Nf6 2. Nc3 d5 3. d4 Bf5 4. Bg5 e6 5. e3 Be7 6. Ne5 Nbd7 7. g4 Be4 8. f3
Nxe5 9. dxe5 Nxg4 10. Bxe7 Qxe7 11. fxe4 Nxe3 12. Qe2 Qh4+ 13. Kd2 Nc4+ 14. Kd1
Nxb2+ 15. Kc1 Nc4 16. exd5 Qf4+ 17. Kd1 Qd4+ 18. Kc1 Qxc3 19. Rb1 Qa3+ 20. Kd1
Qxa2 21. Rc1 b5 22. Bg2 Qa3 23. c3 O-O 24. Be4 g6 25. h4 exd5 26. Bf5 d4 27.
Rh3 Rad8 28. h5 Ne3+ 29. Kd2 Nxf5 30. Rch1 dxc3+ 31. Ke1 Rd2 32. hxg6 Qc1+ 0-1

[Event "29th NATO Chess Championship"]
[Site "Lubbock"]
[Date "2018.06.05"]
[Round "2.4"]
[White "Bobula, Mateusz"]
[Black "Nikomanis, Andreas"]
[Result "1-0"]
[WhiteElo "2347"]
[BlackElo "2045"]
[PlyCount "77"]
[EventDate "2018.06.04"]
[EventType "swiss"]
[EventRounds "7"]
[EventCountry "USA"]
[SourceVersion "1"]
[SourceVersionDate "2018.06.14"]
[SourceQuality "1"]
[WhiteTeam "POLAND"]
[BlackTeam "GREECE"]
[WhiteTeamCountry "POL"]
[BlackTeamCountry "GRE"]

1. d4 Nf6 2. c4 g6 3. Nf3 Bg7 4. g3 O-O 5. Bg2 d6 6. O-O Nbd7 7. Nc3 e5 8. e4
c6 9. h3 Qb6 10. Re1 exd4 11. Nxd4 Re8 12. Na4 Qa5 13. Bd2 Qd8 14. Qc2 Nc5 15.
Bc3 Be6 16. Rad1 Qc7 17. Nxc5 dxc5 18. Nxe6 Rxe6 19. f4 Ree8 20. e5 Nh5 21. Qf2
Bf8 22. g4 Ng7 23. f5 Rad8 24. Rc1 Rd3 25. Bf1 Rdd8 26. Re4 Qc8 27. Rf4 Qc7 28.
Re1 a6 29. a4 b6 30. Rf3 Qb7 31. e6 gxf5 32. gxf5 fxe6 33. Bxg7 Kxg7 34. fxe6
Be7 35. Rf7+ Kh8 36. Qf5 Rg8+ 37. Kh1 Rg6 38. Bd3 Rdg8 39. Rxh7+ 1-0

[Event "29th NATO Chess Championship"]
[Site "Lubbock"]
[Date "2018.06.05"]
[Round "2.5"]
[White "Sypien, Mateusz"]
[Black "Aagaard, Gert"]
[Result "1/2-1/2"]
[WhiteElo "2248"]
[BlackElo "2042"]
[PlyCount "69"]
[EventDate "2018.06.04"]
[EventType "swiss"]
[EventRounds "7"]
[EventCountry "USA"]
[SourceVersion "1"]
[SourceVersionDate "2018.06.14"]
[SourceQuality "1"]
[WhiteTeam "POLAND"]
[BlackTeam "DENMARK"]
[WhiteTeamCountry "POL"]
[BlackTeamCountry "DEN"]

1. e4 d5 2. exd5 Qxd5 3. Nc3 Qa5 4. Bc4 c6 5. d4 Bf5 6. Nf3 e6 7. Ne5 Nf6 8.
O-O Bd6 9. Qe2 O-O 10. Bb3 Qc7 11. Bf4 a6 12. Bg3 Nbd7 13. Rad1 Rad8 14. Rfe1
b5 15. Bh4 Rc8 16. h3 c5 17. a3 cxd4 18. Nxd7 Nxd7 19. Rxd4 Bc5 20. Bg3 Qb7 21.
Rd2 Nb8 22. Red1 Nc6 23. Ne4 Bxe4 24. Qxe4 Qb6 25. c3 Rfd8 26. Bc2 g6 27. Rxd8+
Rxd8 28. Rxd8+ Nxd8 29. Qa8 Kg7 30. Qc8 Bd6 31. Bxd6 Qxd6 32. c4 Qd2 33. cxb5
Qc1+ 34. Kh2 Qf4+ 35. Kg1 1/2-1/2

[Event "29th NATO Chess Championship"]
[Site "Lubbock"]
[Date "2018.06.05"]
[Round "2.6"]
[White "Hansen, Stefan"]
[Black "Sycz, Dariusz"]
[Result "1-0"]
[WhiteElo "2047"]
[BlackElo "2222"]
[PlyCount "80"]
[EventDate "2018.06.04"]
[EventType "swiss"]
[EventRounds "7"]
[EventCountry "USA"]
[SourceVersion "1"]
[SourceVersionDate "2018.06.14"]
[SourceQuality "1"]
[WhiteTeam "DENMARK"]
[BlackTeam "POLAND"]
[WhiteTeamCountry "DEN"]
[BlackTeamCountry "POL"]

1. Nf3 Nf6 2. d4 d5 3. e3 Nbd7 4. Be2 e6 5. O-O Bd6 6. b3 Qe7 7. Bb2 Ng4 8.
Nbd2 f5 9. c4 c6 10. Qc2 Qf6 11. Rfe1 h5 12. Bd3 O-O 13. h3 Nh6 14. Rad1 g5 15.
e4 fxe4 16. Nxe4 dxe4 17. Bxe4 g4 18. Bh7+ Kf7 19. Rxe6 Kxe6 20. d5+ Ke7 21.
Bxf6+ Rxf6 22. Re1+ Kd8 23. Nd4 Kc7 24. Ne6+ Kb8 25. c5 Be5 26. dxc6 bxc6 27.
Qc4 a5 28. b4 Ba6 29. Qb3 a4 30. Qd1 Ra7 31. Rxe5 Nxe5 32. Qd6+ Kc8 33. Qd8+
Kb7 34. Qxf6 Nhf7 35. Qe7+ Kb8 36. Qe8+ Bc8 37. Nd8 Rd7 38. Nxf7 Nxf7 39. Bf5
Rd1+ 40. Kh2 Nd8 1-0

[Event "29th NATO Chess Championship"]
[Site "Lubbock"]
[Date "2018.06.05"]
[Round "2.7"]
[White "Cheung, Jan W"]
[Black "Andersen, Hans Christoph"]
[Result "0-1"]
[WhiteElo "2043"]
[BlackElo "2213"]
[PlyCount "66"]
[EventDate "2018.06.04"]
[EventType "swiss"]
[EventRounds "7"]
[EventCountry "USA"]
[SourceVersion "1"]
[SourceVersionDate "2018.06.14"]
[SourceQuality "1"]
[WhiteTeam "NETHERLANDS"]
[BlackTeam "GERMANY"]
[WhiteTeamCountry "NED"]
[BlackTeamCountry "GER"]

1. d4 d5 2. c4 c6 3. Nf3 Nf6 4. Nc3 dxc4 5. a4 Bf5 6. e3 e6 7. Bxc4 Bb4 8. O-O
Nbd7 9. Nh4 Bg4 10. f3 Bh5 11. g4 Bg6 12. e4 O-O 13. Nxg6 hxg6 14. g5 Ne8 15.
Qb3 a5 16. Be3 e5 17. dxe5 Bc5 18. Bxc5 Nxc5 19. Qa2 Qxg5+ 20. Kh1 Qxe5 21. f4
Qh5 22. Be2 Qh4 23. Qc4 Ne6 24. e5 Rd8 25. Rad1 Rxd1 26. Nxd1 N8c7 27. Ne3 Rd8
28. Ng2 Qe7 29. f5 gxf5 30. Rxf5 Qb4 31. Ne3 Rd4 32. Qxb4 Rxb4 33. Bc4 Rxb2 0-1

[Event "29th NATO Chess Championship"]
[Site "Lubbock"]
[Date "2018.06.05"]
[Round "2.8"]
[White "Pietruszewski, Marcin"]
[Black "Randall, Gordon"]
[Result "1-0"]
[WhiteElo "2198"]
[BlackElo "2029"]
[PlyCount "53"]
[EventDate "2018.06.04"]
[EventType "swiss"]
[EventRounds "7"]
[EventCountry "USA"]
[SourceVersion "1"]
[SourceVersionDate "2018.06.14"]
[SourceQuality "1"]
[WhiteTeam "POLAND"]
[BlackTeam "UNITED STATES"]
[WhiteTeamCountry "POL"]
[BlackTeamCountry "USA"]

1. e4 c6 2. d4 d5 3. e5 Bf5 4. Nf3 e6 5. Be2 c5 6. Be3 cxd4 7. Nxd4 Ne7 8. Nd2
Nbc6 9. f4 Nxd4 10. Bxd4 Nc6 11. Bf2 h6 12. Nf3 Be7 13. Bd3 Bxd3 14. Qxd3 O-O
15. O-O Qc7 16. c3 a6 17. f5 Rfe8 18. Rae1 Rad8 19. Kh1 Bf8 20. f6 g6 21. h4 h5
22. Rg1 b5 23. g4 hxg4 24. Rxg4 d4 25. h5 dxc3 26. Qe4 Nxe5 27. Nxe5 1-0

[Event "29th NATO Chess Championship"]
[Site "Lubbock"]
[Date "2018.06.05"]
[Round "2.9"]
[White "Oblak, Nicholas"]
[Black "Nill, Oliver"]
[Result "1/2-1/2"]
[WhiteElo "2036"]
[BlackElo "2194"]
[PlyCount "75"]
[EventDate "2018.06.04"]
[EventType "swiss"]
[EventRounds "7"]
[EventCountry "USA"]
[SourceVersion "1"]
[SourceVersionDate "2018.06.14"]
[SourceQuality "1"]
[WhiteTeam "UNITED STATES"]
[BlackTeam "NATO A"]
[WhiteTeamCountry "USA"]

1. d4 g6 2. c4 Bg7 3. Nc3 Nf6 4. e4 d6 5. Nge2 O-O 6. Ng3 e5 7. d5 c6 8. h4 Qe7
9. Be2 Na6 10. h5 Nd7 11. hxg6 fxg6 12. Be3 Nc7 13. Qd2 a6 14. a4 a5 15. O-O-O
c5 16. Nf1 Rf7 17. Nh2 Nf8 18. Nf3 Bf6 19. Ng5 Rg7 20. Rh2 b6 21. Rdh1 Bd7 22.
Nf3 Rf7 23. Bh6 Bg7 24. Bxg7 Rxg7 25. b3 Re8 26. Nd1 Bg4 27. Ne3 Bc8 28. Nh4
Qg5 29. Nf3 Qf6 30. g3 Ree7 31. Ng1 Ne8 32. Bg4 Bd7 33. Nh3 Bxg4 34. Nxg4 Qf3
35. Nh6+ Kh8 36. Qc2 Qh5 37. Ng1 Qg5+ 38. Qd2 1/2-1/2

[Event "29th NATO Chess Championship"]
[Site "Lubbock"]
[Date "2018.06.05"]
[Round "2.12"]
[White "Pavlidou, Ekaterini"]
[Black "Stankowski, Aleksander"]
[Result "1-0"]
[WhiteElo "2157"]
[BlackElo "1987"]
[PlyCount "107"]
[EventDate "2018.06.04"]
[EventType "swiss"]
[EventRounds "7"]
[EventCountry "USA"]
[SourceVersion "1"]
[SourceVersionDate "2018.06.14"]
[SourceQuality "1"]
[WhiteTeam "GREECE"]
[BlackTeam "NATO B"]
[WhiteTeamCountry "GRE"]

1. d4 Nf6 2. c4 g6 3. Nc3 Bg7 4. e4 d6 5. Bd3 Nc6 6. Nge2 e5 7. d5 Ne7 8. h3
O-O 9. g4 Ne8 10. Ng3 f5 11. gxf5 gxf5 12. exf5 Nxf5 13. Nxf5 Bxf5 14. Bxf5
Rxf5 15. Qg4 Rf7 16. Rg1 Nf6 17. Qh4 Qd7 18. Rg5 c6 19. a4 Rc8 20. Be3 cxd5 21.
cxd5 a6 22. Rd1 b5 23. axb5 axb5 24. Qb4 Rb8 25. Ra1 Qxh3 26. Qxd6 Qh1+ 27. Kd2
Qxa1 28. Qxb8+ Rf8 29. Qxb5 Kh8 30. Kc2 Bh6 31. Rf5 Bxe3 32. fxe3 Qg1 33. e4
Kg7 34. Qe2 h5 35. Rf2 Ng4 36. Rxf8 Kxf8 37. Qf3+ Ke7 38. b4 h4 39. Kb3 Ne3 40.
Qh3 Qg5 41. Qe6+ Kd8 42. Qb6+ Ke8 43. Qc6+ Kf8 44. b5 Qg2 45. Qc5+ Kg7 46. Qxe3
h3 47. b6 h2 48. b7 h1=Q 49. b8=Q Qh5 50. Qea7+ Kf6 51. Qf8+ Kg5 52. Qag7+ Kh4
53. Qxg2 Qd1+ 54. Nxd1 1-0

[Event "29th NATO Chess Championship"]
[Site "Lubbock"]
[Date "2018.06.05"]
[Round "2.13"]
[White "Hernandez, Albert"]
[Black "Kedzierski, Slawomir"]
[Result "1-0"]
[WhiteElo "1950"]
[BlackElo "2146"]
[PlyCount "81"]
[EventDate "2018.06.04"]
[EventType "swiss"]
[EventRounds "7"]
[EventCountry "USA"]
[SourceVersion "1"]
[SourceVersionDate "2018.06.14"]
[SourceQuality "1"]
[WhiteTeam "VETERANS B"]
[BlackTeam "NATO A"]

1. d4 Nf6 2. c4 e6 3. Nc3 Bb4 4. Qc2 O-O 5. Nf3 b6 6. e4 Bxc3+ 7. bxc3 Bb7 8.
Bd3 h6 9. e5 Ne8 10. O-O Nc6 11. Qe2 Ne7 12. Nh4 f5 13. Ba3 Rf7 14. Qh5 d5 15.
c5 Bc6 16. f4 b5 17. Rf3 Qd7 18. Rg3 Kf8 19. Bxb5 Bxb5 20. c6 Bxc6 21. Qg6 Kg8
22. Qxh6 Bb5 23. Qh5 Nd6 24. Ng6 Nxg6 25. Qxg6 Nc4 26. Bc5 Qe8 27. Rh3 Rd7 28.
Qh7+ Kf7 29. Rh6 Nd6 30. Rf6+ Ke7 31. Qxg7+ Kd8 32. Qh6 Nf7 33. Qg6 Kc8 34.
Rxe6 Qh8 35. a4 Bd3 36. Rf6 Nd8 37. Rf8 Qh7 38. Qc6 Rb8 39. e6 Rg7 40. Qxd5 Qh4
41. e7 1-0

[Event "29th NATO Chess Championship"]
[Site "Lubbock"]
[Date "2018.06.05"]
[Round "2.14"]
[White "Schott, Guido"]
[Black "Kraft, Chip"]
[Result "0-1"]
[WhiteElo "2127"]
[BlackElo "1950"]
[PlyCount "84"]
[EventDate "2018.06.04"]
[EventType "swiss"]
[EventRounds "7"]
[EventCountry "USA"]
[SourceVersion "1"]
[SourceVersionDate "2018.06.14"]
[SourceQuality "1"]
[WhiteTeam "NATO B"]
[BlackTeam "UNITED STATES"]
[BlackTeamCountry "USA"]

1. c4 e5 2. Nc3 Nf6 3. g3 Bb4 4. Bg2 Bxc3 5. bxc3 Nc6 6. e4 d6 7. d3 O-O 8. Ne2
Ne8 9. Rb1 Rb8 10. O-O f5 11. Be3 Nf6 12. h3 fxe4 13. dxe4 b6 14. f4 Be6 15.
Qa4 Na5 16. fxe5 dxe5 17. Rfd1 Qc8 18. Kh2 Nxc4 19. Bg5 h6 20. Bc1 a6 21. Ng1
b5 22. Qc2 g5 23. Rf1 Qe8 24. Qe2 Qg6 25. a4 Nd6 26. axb5 Bc4 27. Rxf6 Rxf6 28.
Qe3 axb5 29. Ba3 Ra8 30. Bxd6 cxd6 31. Rb2 Raf8 32. Nf3 R8f7 33. Rd2 Qg7 34.
Rb2 Qf8 35. Nd2 Qc8 36. Bf3 Be6 37. Bh5 Rc7 38. h4 Rxc3 39. Qb6 gxh4 40. Qxb5
hxg3+ 41. Kg1 Rf2 42. Nf1 Bc4 0-1

[Event "29th NATO Chess Championship"]
[Site "Lubbock"]
[Date "2018.06.05"]
[Round "2.15"]
[White "Sauer, Marko"]
[Black "O'Byrne, Daniel"]
[Result "1-0"]
[WhiteElo "2119"]
[BlackElo "1676"]
[PlyCount "63"]
[EventDate "2018.06.04"]
[EventType "swiss"]
[EventRounds "7"]
[EventCountry "USA"]
[SourceVersion "1"]
[SourceVersionDate "2018.06.14"]
[SourceQuality "1"]
[WhiteTeam "GERMANY"]
[BlackTeam "VETERANS B"]
[WhiteTeamCountry "GER"]

1. e4 c5 2. Nf3 e6 3. d4 cxd4 4. Nxd4 Bc5 5. Nb3 Bb6 6. c4 d6 7. Bf4 e5 8. Bg3
Nc6 9. Nc3 f5 10. exf5 Bxf5 11. Bd3 Bxd3 12. Qxd3 Nd4 13. O-O Nf6 14. Bh4 Qd7
15. Nd2 O-O 16. Bxf6 gxf6 17. Nd5 Bd8 18. f4 Qe6 19. Rae1 Nc6 20. f5 Qf7 21.
Ne4 Qd7 22. b4 Nd4 23. Re3 Kh8 24. Rh3 b5 25. cxb5 Nxb5 26. Rh6 Qg7 27. Qh3 Nd4
28. Kh1 Rf7 29. Nxd6 Rd7 30. Ne8 Qg5 31. Ndxf6 Bxf6 32. Nxf6 1-0

[Event "29th NATO Chess Championship"]
[Site "Lubbock"]
[Date "2018.06.05"]
[Round "2.16"]
[White "Tremblay, Mario"]
[Black "Cichy, Kamil"]
[Result "0-1"]
[WhiteElo "1636"]
[BlackElo "2094"]
[PlyCount "46"]
[EventDate "2018.06.04"]
[EventType "swiss"]
[EventRounds "7"]
[EventCountry "USA"]
[SourceVersion "1"]
[SourceVersionDate "2018.06.14"]
[SourceQuality "1"]
[WhiteTeam "CANADA"]
[BlackTeam "POLAND"]
[WhiteTeamCountry "CAN"]
[BlackTeamCountry "POL"]

1. e4 c5 2. c3 e5 3. Nf3 Nc6 4. d4 cxd4 5. cxd4 exd4 6. Nxd4 Nf6 7. Bc4 Bb4+ 8.
Nc3 Qa5 9. O-O O-O 10. Nd5 Nxd5 11. Nxc6 dxc6 12. exd5 cxd5 13. Qxd5 Qc7 14.
Qe4 Bd6 15. h3 Bd7 16. Bd3 f5 17. Qh4 Bc6 18. Be3 Be5 19. Rab1 Rad8 20. Qc4+
Kh8 21. Rfc1 f4 22. Bc5 f3 23. Bxf8 Bh2+ 0-1

[Event "29th NATO Chess Championship"]
[Site "Lubbock"]
[Date "2018.06.05"]
[Round "2.17"]
[White "Nilsson, Erik"]
[Black "Ntalampiras, Spyros"]
[Result "1/2-1/2"]
[WhiteElo "2071"]
[BlackElo "1780"]
[PlyCount "71"]
[EventDate "2018.06.04"]
[EventType "swiss"]
[EventRounds "7"]
[EventCountry "USA"]
[SourceVersion "1"]
[SourceVersionDate "2018.06.14"]
[SourceQuality "1"]
[WhiteTeam "DENMARK"]
[BlackTeam "GREECE"]
[WhiteTeamCountry "DEN"]
[BlackTeamCountry "GRE"]

1. d4 Nf6 2. Nf3 g6 3. Bf4 Bg7 4. e3 O-O 5. Be2 d5 6. c3 Nc6 7. h3 Ne4 8. Nbd2
Nxd2 9. Qxd2 Bf5 10. O-O h6 11. Rfd1 g5 12. Bg3 Qd7 13. b4 a6 14. Rac1 b5 15.
a4 Nd8 16. axb5 axb5 17. Ra1 Nb7 18. Ne5 Bxe5 19. Bxe5 f6 20. Bh2 c6 21. Qb2
Nd6 22. Bxd6 Qxd6 23. Rxa8 Rxa8 24. Ra1 Qb8 25. Ra3 Kg7 26. Qa1 Rxa3 27. Qxa3
Qc7 28. Qa8 Bg6 29. Qa5 Qb8 30. Bg4 f5 31. Be2 Bf7 32. Bd3 e6 33. Qa6 Qc7 34.
Qa5 Qb8 35. Qa6 Qc7 36. Qa5 1/2-1/2

[Event "29th NATO Chess Championship"]
[Site "Lubbock"]
[Date "2018.06.05"]
[Round "2.18"]
[White "Coulon, Dominic"]
[Black "Balmaceda, Enrico"]
[Result "1-0"]
[WhiteElo "1679"]
[BlackElo "2063"]
[PlyCount "63"]
[EventDate "2018.06.04"]
[EventType "swiss"]
[EventRounds "7"]
[EventCountry "USA"]
[SourceVersion "1"]
[SourceVersionDate "2018.06.14"]
[SourceQuality "1"]
[WhiteTeam "CANADA"]
[BlackTeam "UNITED STATES"]
[WhiteTeamCountry "CAN"]
[BlackTeamCountry "USA"]

1. d4 f5 2. Bf4 Nf6 3. e3 e6 4. Nf3 Be7 5. Bd3 O-O 6. Nbd2 b6 7. h3 Bb7 8. Rg1
Ne4 9. Qe2 c5 10. c3 d6 11. g4 Kh8 12. gxf5 exf5 13. Bxe4 fxe4 14. Ng5 Bxg5 15.
Bxg5 Qd7 16. O-O-O cxd4 17. exd4 d5 18. Rg3 Nc6 19. Rdg1 Rf7 20. f4 exf3 21.
Nxf3 Re8 22. Qg2 Qf5 23. Bh6 g6 24. Ng5 Qf4+ 25. Kd1 Rfe7 26. Rf3 Qh4 27. Rf8+
Rxf8 28. Bxf8 Rd7 29. Qf1 Qh5+ 30. Kc1 Nd8 31. Qf6+ Kg8 32. Be7 1-0